İçeriği atla
Inicio
Centros participantes
Catálogo
Servicios
Contacto
Giriş
English
Deutsch
Español
Français
Italiano
日本語
Nederlands
Português
Português (Brasil)
中文(简体)
中文(繁體)
Türkçe
עברית
Gaeilge
Cymraeg
Ελληνικά
Català
Euskara
Русский
Čeština
Suomi
Svenska
polski
Dansk
slovenščina
اللغة العربية
বাংলা
Galego
Tiếng Việt
Hrvatski
हिंदी
Հայերէն
Українська
Sámegiella
Dil
Tüm Alanlar
Materyal Adı
Yazar
Konu
Yer Numarası
ISBN/ISSN
Etiket
Ara
Gelişmiş
El Proyecto ilustrado y la vio...
Alıntıla
E-posta Gönder
Yazdır
Kaydı İhraç Et
İhraç Et RefWorks
İhraç Et EndNoteWeb
İhraç Et EndNote
Favorilerime ekle
Kalıcı bağlantı
İlk derecelendirmeyi ekleyin
El Proyecto ilustrado y la violencia social /
Kaydedildi:
Detaylı Bibliyografya
Yazar:
Garza, María Teresa de la
Materyal Türü:
Metin
Konular:
TEORIA
VIOLENCIA
HISTORIA
POLITICA
Etiketler:
Etiketle
Etiket eklenmemiş, İlk siz ekleyin!
Erişim Bilgileri
Diğer Bilgiler
Yorumlar
Benzer Materyaller
MARC Görünümü
MARC
LEADER
00000 a a2200000 04500
001
9614
003
040
100
|a
Garza, María Teresa de la
245
|a
El Proyecto ilustrado y la violencia social /
|c
María Teresa de la Garza
650
|a
TEORIA
650
|a
VIOLENCIA
650
|a
HISTORIA
650
|a
POLITICA
773
|g
volumen 3, número 11; páginas 443-454
999
|c
27966
|d
27966
Benzer Materyaller
Des-cubriendo la violencia /
Yazar:: Hernández, Tosca
Violencia y Control Social: el debilitamiento del orden social de la modernidad /
Yazar:: Riella, Alberto
Aportaciones de la psicología clásica para la comprensión de la violencia estructural /
Yazar:: Solano Solano, Mario A
Figuras de la violencia: vertientes del radicalismo político /
Yazar:: Mier, Raymundo
A violência na escola, uma questão socail global /
Yazar:: Tavares dos Santos, José Vicente